00388 2200157 4500001002100000005001500021035002000036245004600056100001800102300002600120260002800146082000800174084001400182020002200196990001200218INLIS00000000000296020250917015829 a0010-09250003071 aPencarian Cinta Terakhir /cKirana Kejora0 aKirana Kejora a220 hlm ;c13 x 19 cm aJakarta :bZettu,c2013 a813 a813 KIR p a978-602-7735-82-8 a0755675